The plain man looks at the Beatitudes. (Record no. 7425)

000 -LEADER
fixed length control field 00591nam a2200193 a 4500
001 - CONTROL NUMBER
control field :::00005186$&:&@@
003 - CONTROL NUMBER IDENTIFIER
control field OkBaRHE
005 - DATE AND TIME OF LATEST TRANSACTION
control field 20000607103323.0
008 - FIXED-LENGTH DATA ELEMENTS--GENERAL INFORMATION
fixed length control field s1963 j 000 0 eng u
040 ## - CATALOGING SOURCE
Transcribing agency
100 1# - MAIN ENTRY--PERSONAL NAME
Personal name Barclay, William, 1907-1978.
245 14 - TITLE STATEMENT
Title The plain man looks at the Beatitudes.
260 ## - PUBLICATION, DISTRIBUTION, ETC. (IMPRINT)
Place of publication, distribution, etc London, UK:EN., :
Name of publisher, distributor, etc Collins Clear-Type Press
Date of publication, distribution, etc c1963
300 ## - PHYSICAL DESCRIPTION
Extent 123 p. ;
Dimensions 18 cm.
490 0# - SERIES STATEMENT
Series statement Fontana books.
650 ## - SUBJECT ADDED ENTRY--TOPICAL TERM
Topical term or geographic name as entry element Beatitudes
942 ## - ADDED ENTRY ELEMENTS (KOHA)
Source of classification or shelving scheme
Koha item type Books
Copies
Barcode Permanent Location Not for loan Damaged status Lost status Koha item type Copy number Date acquired Price effective from Source of classification or shelving scheme Date last seen Shelving location Full call number Withdrawn status
5186RHEMA Bible Training College   Books12010-04-142010-04-14 2010-04-14General StacksBT 382 .B3692